Consultor Larousse : conjugación, sinónimos y antónimos / ortografía y dudas /

Guardado en:
Detalles Bibliográficos
Autor principal: García-Pelayo y Gross, Ramón (prólogo)
Otros autores: Rubio, Juan Carlos (prólogo) (prólogo)
Formato: Libro
Idioma:Español
Publicado: México : Larousse, 1994, c1990
Etiquetas: Agrega una etiqueta
Sin etiquetas, Sé el primero en etiquetar este registro!

MARC

LEADER 00000nam^a2200000^a^4500
001 000596572
005 20250521000000.0
009 20260310133109.254
020 |a 970-607-045-1 
037 |a Acervo ITESO - Biblioteca 
041 |a ESP 
091 |a FCR. 02196 
100 |a García-Pelayo y Gross, Ramón  |e (prólogo) 
245 1 0 |a Consultor Larousse :  |b conjugación, sinónimos y antónimos / ortografía y dudas / 
264 4 |a México :  |b Larousse,  |c 1994, c1990 
300 |a 2 v. (443, 548 p.) 
336 |a texto  |b txt  |2 rdacontenido 
337 |a sin mediación  |b n  |2 rdamedio 
338 |a volumen  |b nc  |2 rdasoporte 
649 |a XX 
700 |a Rubio, Juan Carlos  |e (prólogo) 
910 |a Fondo Cristina Romo Gil 
920 |a Impresos - Libros 
930 |a Fondos Especiales 
905 |a 143 
901 |a 596829-10  |b IT2  |c ESP  |i D120681  |u 20250521 
901 |a 596829-20  |b IT2  |c ESP  |i D120682  |u 20250521 
902 |a https://opac.biblio.iteso.mx/vufind/Record/000596572